Athletics care and rehabilitation (Record no. 393709)

MARC details
000 -LEADER
fixed length control field 00545 a2200205 4500
005 - DATE & TIME
control field 20260112150625.0
008 - FIXED-LENGTH DATA ELEMENTS--GENERAL INFORMATION
fixed length control field 260112b |||||||| |||| 00| 0 eng d
020 ## - ISBN
International Standard Book Number 9789390461882
Price Rs. 800.00
040 ## - CATALOGING SOURCE
Original cataloging agency VIVEKANANDA LIBRARY
082 ## - DDC NUMBER
Classification number 796.07
Book Number B469A
100 ## - MAIN ENTRY--PERSONAL NAME
Personal name Bhandari, Poonam
245 ## - TITLE STATEMENT
Title Athletics care and rehabilitation
260 ## - PUBLICATION, DISTRIBUTION, ETC. (IMPRINT)
Name of publisher, distributor, etc Khel Sahitya Kendra
Date of publication, distribution, etc 2025
Place of publication, distribution, etc New Delhi
300 ## - PHYSICAL DESCRIPTION
Pages 157
650 ## - Subject
Subject Physical Education
650 ## - Subject
Subject Sports Medicine
650 ## - Subject
Subject Sports Rehabilitation
700 ## - Added Entry Personal Name
Added Entry Personal Name Swatendra Singh
942 ## - ADDED ENTRY ELEMENTS (KOHA)
Koha item type Books
Holdings
Withdrawn status Lost status Source of classification or shelving scheme Damaged status Not for loan Location (home branch) Sublocation or collection (holding branch) Shelving location Date acquired Koha issues (times borrowed) Koha full call number Accession No. Koha date last seen Koha item type
    Dewey Decimal Classification     VIVEKANANDA LIBRARY VIVEKANANDA LIBRARY Vivekananda Library 12/12/2025   796.07 B469A 443647 12/12/2025 Books
© Designed and Maintained by Vivekananda Library, MDU Rohtak